000 00829nam a2200241Ia 4500
001 2904
003 GE_BSU
008 181216s||||||||xx |||||||||||||| ||und||
020 _a5862254250
040 _cGE_BSU
080 _a33(038)=03.20
100 _aРозенберг Д.М.
245 _aИнвестиции: Терминологический словарь
245 _bDictionary of investing. Библиотека словарей "Инфра-М" |
245 _cнаучный редактор М.А. Портной. перевод английского А.М. Волков, А.В. Щедрин
260 _aМосква
260 _bИНФРА-М
260 _c1997
300 _a400 с. 24 см.
541 _h11 л. 80 т.
653 _aТерминологический словарь
942 _cBK
999 _c36953
_d36953